|
|
|
|
| LEADER |
02790nam a2200553 4500 |
| 001 |
ocn768230377 |
| 003 |
OCoLC |
| 005 |
20170124071559.9 |
| 006 |
m o d |
| 007 |
cr cn||||||||| |
| 008 |
111213s2012 iau ob 001 0 eng d |
| 040 |
|
|
|a DG1
|b eng
|c DG1
|d TXA
|d YDXCP
|d OCLCO
|d OCLCQ
|d CUV
|d OCLCF
|d OCLCA
|d AU@
|d OCLCQ
|d OCLCA
|d OCLCQ
|d DEBBG
|d GrThAP
|
| 019 |
|
|
|a 802316690
|
| 020 |
|
|
|a 9781444346022
|q (electronic bk.)
|
| 020 |
|
|
|a 1444346024
|q (electronic bk.)
|
| 029 |
1 |
|
|a AU@
|b 000049641648
|
| 029 |
1 |
|
|a GBVCP
|b 790035138
|
| 029 |
1 |
|
|a NZ1
|b 14690932
|
| 029 |
1 |
|
|a DEBBG
|b BV043393858
|
| 035 |
|
|
|a (OCoLC)768230377
|z (OCoLC)802316690
|
| 037 |
|
|
|a 10.1002/9781444346022
|b Wiley InterScience
|n http://www3.interscience.wiley.com
|
| 050 |
|
4 |
|a TP548.5.F55
|b C53 2012eb
|
| 082 |
0 |
4 |
|a 663/.2
|2 23
|
| 049 |
|
|
|a MAIN
|
| 100 |
1 |
|
|a Bakker, Jokie.
|
| 245 |
1 |
0 |
|a Wine flavour chemistry /
|c Jokie Bakker, Ronald J. Clarke.
|
| 250 |
|
|
|a 2nd ed.
|
| 264 |
|
1 |
|a Ames, Iowa :
|b Wiley Blackwell,
|c [2012]
|
| 264 |
|
4 |
|c ©2012
|
| 300 |
|
|
|a 1 online resource
|
| 336 |
|
|
|a text
|b txt
|2 rdacontent
|
| 337 |
|
|
|a computer
|b c
|2 rdamedia
|
| 338 |
|
|
|a online resource
|b cr
|2 rdacarrier
|
| 505 |
0 |
|
|a Front Matter -- Introduction -- Grape Varieties and Growing Regions -- Basic Taste and Stimulant Components -- Volatile Components -- Wine Tasting Procedures and Overall Wine Flavour -- Sherry, Port and Madeira -- Formation Pathways in Vinification -- Appendix I -- Appendix II: Molecular Formula/Weight, Physical Properties (Boiling Point, Saturation, Water Solubility) and Partition Coefficients (Air-Water, Measured Direct or Estimated) -- Index -- Food Science and Technology.
|
| 500 |
|
|
|a Clarke's name appears first on the earlier edition.
|
| 504 |
|
|
|a Includes bibliographical references and index.
|
| 588 |
0 |
|
|a Print version record.
|
| 506 |
|
|
|a License restrictions may limit access.
|
| 533 |
|
|
|a Electronic reproduction.
|b Hoboken, N.J. :
|c Wiley InterScience,
|d 2011.
|n Mode of access: World Wide Web.
|n System requirements: Web browser.
|n Title from title screen (viewed on Nov. 29, 2011).
|n Access may be restricted to users at subscribing institutions.
|
| 650 |
|
0 |
|a Wine
|x Flavor and odor.
|
| 650 |
|
0 |
|a Wine and wine making
|x Chemistry.
|
| 650 |
|
7 |
|a Wine and wine making
|x Chemistry.
|2 fast
|0 (OCoLC)fst01175913
|
| 650 |
|
7 |
|a Wine
|x Flavor and odor.
|2 fast
|0 (OCoLC)fst01200937
|
| 655 |
|
4 |
|a Electronic books.
|
| 700 |
1 |
|
|a Clarke, R. J.
|q (Ronald James)
|
| 710 |
2 |
|
|a Wiley InterScience (Online service)
|
| 776 |
0 |
8 |
|i Print version:
|a Bakker, Jokie.
|t Wine flavour chemistry.
|d Ames, Iowa : Wiley Blackwell, ©2011
|z 9781444330427
|w (DLC) 2011014370
|w (OCoLC)726620623
|
| 856 |
4 |
0 |
|u https://doi.org/10.1002/9781444346022
|z Full Text via HEAL-Link
|
| 994 |
|
|
|a 92
|b DG1
|